000 00484nam a2200121Ia 4500
008 220615s9999||||xx |||||||||||||| ||und||
100 _aMeral Huri
245 0 _aOccupational Therapy - Occupation Focused Holistic Practice in Rehabilitation
546 _aEnglish[eng]
650 _aMedicine||Occupational Therapy||Physical Therapy||Health Sciences
856 _uhttps://www.intechopen.com/books/occupational-therapy-occupation-focused-holistic-practice-in-rehabilitation
942 _cEB
999 _c15200
_d15200